|
|
|
|
| LEADER |
00000nam0a2200000 4500 |
| 001 |
37188 |
| 005 |
20231031003649.0 |
| 010 |
|
|
|a 5271000729
|
| 010 |
|
|
|a 5-7390-0713-5
|
| 010 |
|
|
|a 5-237-04040-3
|
| 035 |
|
|
|a (RuTPU)RU\TPU\book\37746
|
| 090 |
|
|
|a 37188
|
| 100 |
|
|
|a 20011225d2000 еm y0rusy50020304ca
|
| 101 |
0 |
|
|a rus
|
| 102 |
|
|
|a RU
|
| 105 |
|
|
|a a f 001ay
|
| 200 |
1 |
|
|a Я познаю мир
|a Кино
|e Детская энциклопедия
|f Авт.-сост. Ю. А. Белоусов
|
| 210 |
|
|
|a Москва
|c Астрель
|c Олимп
|c АСТ
|d 2000
|
| 215 |
|
|
|a 432 с.
|c ил.
|
| 320 |
|
|
|a Предметно-именной указатель: с. 416-424
|
| 610 |
1 |
|
|a энциклопедии
|
| 610 |
1 |
|
|a кино
|
| 675 |
|
|
|a 087
|v 3
|
| 675 |
|
|
|a 087:778
|v 3
|
| 702 |
|
1 |
|a Белоусов
|b Ю. А.
|4 220
|
| 801 |
|
1 |
|a RU
|b 63413507
|c 20011225
|g PSBO
|
| 801 |
|
2 |
|a RU
|b 63413507
|c 20030121
|g PSBO
|
| 942 |
|
|
|c BK
|